000 00966cam a2200265 a 4500
001 BD-DhSAU 549
003 BD-DhSAU
005 20150104205002.0
008 840626s1982 ph a b 000 0 eng
010 _a
040 _cBD-DhSAU
082 0 0 _a630.92
_222
_bLEL
100 1 _aLedesma, Antonio J.
245 1 0 _aLandless workers and rice farmers :
_bpeasant subclasses under agrarian reform in two Philippine villages /
_cAntonio J. Ledesma.
260 _aLos BaƱos, Laguna, Philippines :
_bInternational Rice Research Institute,
_c1982.
300 _axix, 214 p. :
_bill. ;
_c23 cm.
504 _aBibliography: p. 209-212.
590 _aIMRAN
650 0 _aLand reform
_zPhilippines
_xCase studies.
650 0 _aAgronomy
650 0 _aAgriculture
_xEconomic aspects
_zPhilippines
_xCase studies.
650 0 _aRice workers
_zPhilippines
_xCase studies.
650 0 _aRice farmers
_zPhilippines
_xCase studies.
710 2 _aInternational Rice Research Institute.
942 _2ddc
_cBOOK
999 _c549
_d549